<?xml version="1.0" encoding="UTF-8"?>
<record
    xmlns:xsi="http://www.w3.org/2001/XMLSchema-instance"
    xsi:schemaLocation="http://www.loc.gov/MARC21/slim http://www.loc.gov/standards/marcxml/schema/MARC21slim.xsd"
    xmlns="http://www.loc.gov/MARC21/slim">

  <leader>01793nam a2200301 a 4500</leader>
  <controlfield tag="001">000013503</controlfield>
  <controlfield tag="003">DO-SdBNP</controlfield>
  <controlfield tag="005">20230717124651.0</controlfield>
  <controlfield tag="007">ta</controlfield>
  <controlfield tag="008">091125s2002    dr a   000 0 spa d</controlfield>
  <datafield tag="020" ind1=" " ind2=" ">
    <subfield code="a">9993431141</subfield>
  </datafield>
  <datafield tag="040" ind1=" " ind2=" ">
    <subfield code="a">DO-SdBNP</subfield>
    <subfield code="b">spa</subfield>
    <subfield code="c">BPMSU</subfield>
  </datafield>
  <datafield tag="082" ind1=" " ind2="4">
    <subfield code="a">972.93053</subfield>
    <subfield code="b">O69i 2002</subfield>
    <subfield code="2">22</subfield>
  </datafield>
  <datafield tag="245" ind1="0" ind2="4">
    <subfield code="a">Los or&#xED;genes de la ideolog&#xED;a trujillista /</subfield>
    <subfield code="c">editor Di&#xF3;genes C&#xE9;spedes ; Juan Bosch ... [et al.].</subfield>
  </datafield>
  <datafield tag="260" ind1=" " ind2=" ">
    <subfield code="a">Santo Domingo :</subfield>
    <subfield code="b">BNPHU,</subfield>
    <subfield code="c">2002.</subfield>
  </datafield>
  <datafield tag="300" ind1=" " ind2=" ">
    <subfield code="a">227 p. :</subfield>
    <subfield code="b">il. ;</subfield>
    <subfield code="c">21 cm.</subfield>
  </datafield>
  <datafield tag="490" ind1="0" ind2=" ">
    <subfield code="a">Monogr&#xE1;fica "Para la Libertad",</subfield>
    <subfield code="v">2</subfield>
  </datafield>
  <datafield tag="500" ind1=" " ind2=" ">
    <subfield code="a">Incluye referencias bibliogr&#xE1;ficas y notas al pie de las p&#xE1;ginas</subfield>
  </datafield>
  <datafield tag="505" ind1="0" ind2=" ">
    <subfield code="a">Un art&#xED;culo de septiembre de 1929</subfield>
    <subfield code="r">Juan Bosch --</subfield>
    <subfield code="t">P&#xE1;rrafos /</subfield>
    <subfield code="r">por G. Despradel Batista --</subfield>
    <subfield code="t">Una s&#xED;ntesis de la Conferencia del Dr. Max Henr&#xED;quez Ure&#xF1;a --</subfield>
    <subfield code="t">Fuerza no, raz&#xF3;n y justicia /</subfield>
    <subfield code="r">por G. Despradel Batista --</subfield>
    <subfield code="t">R&#xE9;plica del Dr. Max Henr&#xED;quez Ure&#xF1;a a los conceptos vertidos por el Sr. Guido Despradel Batista --</subfield>
    <subfield code="t">Contra r&#xE9;plica del Sr. Guido Despradel Batista a la carta del Dr. Max Henr&#xED;quez Ure&#xF1;a --</subfield>
    <subfield code="t">Cartilla c&#xED;vica para el pueblo dominicano /</subfield>
    <subfield code="r">Rafael L. Trujillo --</subfield>
    <subfield code="t">El ideario de Rod&#xF3; en el trujillismo /</subfield>
    <subfield code="r">Ar&#xED;stides Inch&#xE1;ustegui --</subfield>
    <subfield code="t">La ideolog&#xED;a trujillista /</subfield>
    <subfield code="r">Di&#xF3;genes C&#xE9;spedes --</subfield>
    <subfield code="t">El efecto Rod&#xF3; : nacionalismo idealista vs. nacionalismo pr&#xE1;ctico. Los intelectuales antes de y bajo Trujillo/</subfield>
    <subfield code="r">Di&#xF3;genes C&#xE9;spedes.</subfield>
  </datafield>
  <datafield tag="590" ind1=" " ind2=" ">
    <subfield code="a">Inventariado, 2023/VM</subfield>
  </datafield>
  <datafield tag="600" ind1="1" ind2="4">
    <subfield code="a">Trujillo Molina, Rafael Le&#xF4;nidas ,</subfield>
    <subfield code="d">1891-1961</subfield>
    <subfield code="x">Filosof&#xED;a </subfield>
  </datafield>
  <datafield tag="650" ind1=" " ind2="4">
    <subfield code="a">Pensamiento pol&#xED;tico y social</subfield>
  </datafield>
  <datafield tag="651" ind1=" " ind2="4">
    <subfield code="a">Rep&#xFA;blica Dominicana</subfield>
    <subfield code="x">Pol&#xED;tica Y Gobierno</subfield>
    <subfield code="y">1930-1961</subfield>
  </datafield>
  <datafield tag="700" ind1="1" ind2=" ">
    <subfield code="a"> Bosch, Juan, </subfield>
    <subfield code="d">1909-2001</subfield>
    <subfield code="9">1</subfield>
  </datafield>
  <datafield tag="700" ind1="1" ind2=" ">
    <subfield code="a">C&#xE9;spedes, Di&#xF3;genes,</subfield>
    <subfield code="d">1941-</subfield>
    <subfield code="e">ed.</subfield>
  </datafield>
  <datafield tag="910" ind1=" " ind2=" ">
    <subfield code="a">VMateo V.. Control de calidad BPMSU</subfield>
  </datafield>
  <datafield tag="942" ind1=" " ind2=" ">
    <subfield code="2">ddc</subfield>
    <subfield code="c">BK</subfield>
  </datafield>
  <datafield tag="952" ind1=" " ind2=" ">
    <subfield code="0">0</subfield>
    <subfield code="1">0</subfield>
    <subfield code="2">ddc</subfield>
    <subfield code="4">0</subfield>
    <subfield code="7">0</subfield>
    <subfield code="8">CD</subfield>
    <subfield code="a">BPMET</subfield>
    <subfield code="b">BPMET</subfield>
    <subfield code="d">2023-07-17</subfield>
    <subfield code="l">0</subfield>
    <subfield code="o">BPMSU CD 972.93053 O69i 2002</subfield>
    <subfield code="p">BPMSU23070038</subfield>
    <subfield code="r">2023-07-17</subfield>
    <subfield code="w">2023-07-17</subfield>
    <subfield code="y">BK</subfield>
  </datafield>
  <datafield tag="999" ind1=" " ind2=" ">
    <subfield code="c">14426</subfield>
    <subfield code="d">14426</subfield>
  </datafield>
</record>
